Inside out: elementary
Đã lưu trong:
| Hovedforfatter: | |
|---|---|
| Format: | Bog |
| Sprog: | Undetermined |
| Udgivet: |
Oxford
Macmillan Education
2003
|
| Fag: | |
| Tags: |
Tilføj Tag
Ingen Tags, Vær først til at tagge denne postø!
|
| Thư viện lưu trữ: | Trung tâm Học liệu Trường Đại học Cần Thơ |
|---|
| LEADER | 00523nam a2200193Ia 4500 | ||
|---|---|---|---|
| 001 | CTU_65396 | ||
| 008 | 210402s9999 xx 000 0 und d | ||
| 020 | |b 59000 | ||
| 082 | |a 428.24 | ||
| 082 | |b K23/Cas.2e | ||
| 100 | |a Kay, Sue | ||
| 245 | 0 | |a Inside out: elementary | |
| 245 | 0 | |c Sue Kay, Vaughan Jones | |
| 260 | |a Oxford | ||
| 260 | |b Macmillan Education | ||
| 260 | |c 2003 | ||
| 650 | |a english language,listening | ||
| 650 | |x problems, exercises, etc | ||
| 980 | |a Trung tâm Học liệu Trường Đại học Cần Thơ | ||